Gateway people (Record no. 105021)

MARC details
000 -LEADER
fixed length control field 01165cam a2200205 4500
001 - CONTROL NUMBER
control field ##L132107
008 - FIXED-LENGTH DATA ELEMENTS--GENERAL INFORMATION
fixed length control field 060110n2006 000 0 eng u
035 ## - SYSTEM CONTROL NUMBER
System control number (Sirsi) u132107
041 0# - LANGUAGE CODE
Language code of text/sound track or separate title eng
050 04 - LIBRARY OF CONGRESS CALL NUMBER
Classification number 306.1 $2 18
100 1# - MAIN ENTRY--PERSONAL NAME
Personal name Bennett, Jim
245 00 - TITLE STATEMENT
Title Gateway people
Remainder of title the aspirations and attitudes of prospective and existing residents of the Thames Gateway
260 ## - PUBLICATION, DISTRIBUTION, ETC.
Place of publication, distribution, etc. London
Name of publisher, distributor, etc. IPPR
Date of publication, distribution, etc. 2006
520 ## - SUMMARY, ETC.
Summary, etc. Reports on the qualitative research conducted by the Institute for Public Policy Research into the aspirations and attitudes of prospective and existing residents of the Thames Gateway, one of the growth areas identified within the Sustainable Communities Plan. Summarises the key issues for both groups of residents and makes recommendations to government and delivery agencies on how to make the Thames Gateway and other growth areas communities of choice.
590 ## - LOCAL NOTE (RLIN)
Local note IKA170106
690 ## - LOCAL SUBJECT ADDED ENTRY--TOPICAL TERM (OCLC, RLIN)
Topical term or geographic name as entry element PROPERTY-RESIDENTIAL PROPERTY-RESIDENTIAL PROPERTY DEVELOPMENT
700 1# - ADDED ENTRY--PERSONAL NAME
Personal name Morris, James
856 40 - ELECTRONIC LOCATION AND ACCESS
Processor of request http://www.ippr.org.uk/publicationsandreports/publication.asp?id=334
Public note View the report free of charge at www.ippr.org.uk...
942 ## - ADDED ENTRY ELEMENTS (KOHA)
Suppress in OPAC 0
Holdings
Withdrawn status Lost status Source of classification or shelving scheme Damaged status Not for loan Home library Current library Shelving location Date acquired Total Checkouts Full call number Barcode Date last seen Copy number Price effective from Koha item type
    Dewey Decimal Classification     Virtual Virtual Online 10/01/2006   ONLINE PUBLICATION 132107-2001 06/08/2019 1 06/08/2019 Book